Missing Word: Sheen Family Quiz Stats

 Plays Quiz Updated Jun 30, 2015

Challenge
Share
Tweet
Embed
Score 0/24 Timer 03:00
0 Plays Today
Hint Missing Word % Correct
Martin SheenCatch
99%
Charlie SheenThree
98.4%
Martin SheenNow
97.8%
Charlie SheenJohn
95.7%
Emilio EstevezFire
93.7%
Emilio EstevezMen
91.4%
Charlie SheenStreet
90.7%
Martin SheenAmazing
90.1%
Emilio EstevezBreakfast
87.5%
Martin SheenHear
83.7%
Martin SheenTruth
80.1%
Charlie SheenNavy
80%
Hint Missing Word % Correct
Emilio EstevezDucks
78.9%
Martin SheenAmerican
74.9%
Charlie SheenShots
71.8%
Charlie SheenOut
69.2%
Charlie SheenRed
68.4%
Charlie SheenLeague
64.7%
Emilio EstevezGuns
62.6%
Martin SheenDead
54.6%
Emilio EstevezWeapon
43.1%
Emilio EstevezAnother
41.9%
Emilio EstevezOverdrive
37.3%
Martin SheenSeason
35%

Today's Daily Dose

You're not logged in!

Compare scores with friends on all Sporcle quizzes.
OR
Log In

You Might Also Like...

Show Comments

Extras

Top Quizzes Today


Score Distribution

Your Account Isn't Verified!

In order to create a playlist on Sporcle, you need to verify the email address you used during registration. Go to your Sporcle Settings to finish the process.

Report this User

Report this user for behavior that violates our Community Guidelines.

Details: